01668nam a2200277 i 4500001001000000003000900010005001700019007000300036008004100039020001800080040003000098041000800128082002700136245021700163264012100380300006000501336002700561337003300588338002800621505052600649650003501175650003401210700003601244700004901280700006101329000045769DO-SdBNP20250808100433.0ta150511s2015 dr ac 000 0 spa d a9789993467908 aDO-SdBNPbspacBNPHUerda aspa 4a792.8097293bB191n22203aEl Ballet Nacional Dominicano :borigen y trayectoria /ceditora, Monika Despradel ; introducción, Patricia Ascuasiati ; presentación, Johanna Wiese de Mera ; miebros, Irmgard Despradel, y Eduardo Villanueva. 4aSanto Domingo, República Dominicana :bPatronato Dominicano por la Danza,bEditora Amigo del Hogar, Santo, c2015. a247 páginas :bilustraciones, fotografías ;c31 cm. atextobtxt2rdacontent asin mediaciónbn2rdamedia avolumenbnc0rdacarrier0 aLiminar, José Antonio Rodríguez, 13 -- Presentación, 15 -- Introducción, 21 -- Creación del Ballet Clásico Nacional, 25 -- Ballet Nacional Dominicano, 48-51 -- Bailarines destacados del Ballet Nacional Dominicano a través del tiempo, 54-99 -- Directores del Ballet Nacional Dominicano, 102-103 -- Coreógrafos del Ballet Nacional Dominicano, 159 -- Grandes producciones del Ballet Nacional Dominicano, 168-219 -- Apéndice. Cronologías: Repertorio 1981-2014, 223-227 -- Juicios críticos, 1981-2013.  4aBalletzRepública Dominicana 4aDanzazRepública Dominicana12aDespradel, Monika,eeditor4ed.12aWiese de Mera, Johanna,epresentador4prest.12aAscuasiati, Patricia,eautor de introducción 4introd.